Statistics for champagne problems lyrics

Click here to take the quiz!

General Stats

  • This quiz has been taken 193 times
  • The average score is 260 of 286

Answer Stats

Lyrics% Correct
You
100%
you
100%
a
99%
for
99%
I
99%
in
99%
So
99%
so
99%
the
99%
to
99%
Your
99%
your
99%
could
98%
Champagne
97%
champagne
97%
"champagne
97%
No
97%
no
97%
on
97%
problems"
97%
problems
97%
was
97%
it
96%
Love
96%
night
96%
One
96%
reason
96%
train
96%
made
95%
they
95%
what
95%
And
94%
and
94%
booked
93%
couldn't
93%
dancing,
93%
Don't
93%
don't
93%
friends
93%
go
93%
hand
93%
just
93%
keep
93%
my
93%
never
93%
of
93%
out
93%
pocket,
93%
that
93%
there
93%
wallet
93%
wallet,
93%
while
93%
dropped
92%
family
92%
is
92%
show,
92%
this
92%
"This
92%
we
92%
heart
91%
me"
91%
money,
91%
picture
91%
ring
91%
sister
91%
Sometimes
91%
standing,
91%
two
91%
you're
91%
answer
90%
celebrating
90%
glass,
90%
head,"
90%
know
90%
Left
90%
lovely
90%
Now
90%
one's
90%
ready,
90%
say
90%
shame
90%
"She
90%
such
90%
told
90%
watch
90%
bride,
89%
group
89%
once
89%
called
88%
fucked
88%
it's
88%
joke,
88%
madhouse"
88%
she's
88%
sit
88%
would've
88%
door
87%
knees
87%
not
87%
November
87%
their
87%
which
87%
worse
87%
again
86%
evergreen,
86%
hometown
86%
mom's
86%
our
86%
splashed
86%
we'll
86%
"Well,
86%
word
86%
bottle
85%
hurt
85%
sleepers,
85%
think
85%
'til
85%
Because
84%
dorm
84%
flush
84%
How
84%
landing
84%
landing,
84%
said
84%
someone's
84%
asks
83%
Chevy
83%
crestfallen
83%
cure
83%
halls
83%
have
83%
nerve
83%
or
83%
silent
83%
sure
83%
touch
83%
crowd
82%
deck
82%
skeptics
82%
through
82%
walked
82%
But
81%
find
81%
flannel
81%
give
81%
speech,
81%
Bustling
80%
crowds
80%
Midas
80%
speechless
80%
you'll
80%
had
79%
instead
79%
real
79%
thing
79%
up
79%
her
78%
applauded
77%
soon
77%
tapestry
77%
leave
76%
they'll
76%
patch
75%
all
74%
brought
74%
Dom
74%
She'll
72%
shred
72%
remember
71%
with
71%
beyond
70%
reaches
69%
won't
69%
hold
68%
Pérignon,
68%
slipped
65%

Score Distribution

Percentile by Number Answered

Percent of People with Each Score

Your Score History

You have not taken this quiz